007540000a22002050004500090001400000245005200014500003100066650002000097650003100117650002300148650002800171651002000199653002200219041001400241100004400255942001300299773003900312999001700351952018000368 aARb0203210aGénero Carapa Aubl. () en Colombia aCID tiene revista original14aBotánica936114aTaxonomía vegetal99226214aFenología99280714aPlantas útiles992936 4pColombia992749 fMeliaceaegCarapa0 aEspañol1 aMorales Puentes, María Eugenia926869 cARTICULO1 tCaldasia345h3q397-407d1997g19 c11109d11109 001040718HEMEROTECAaBogotabBogotad2015-02-27eMuñoz Saba, YanethhFuera de circulaciónl0oAR 02032p012407r2015-03-25 00:00:00t1w2015-03-25xDonaciónyARTICULO